The 20 "Goodest" Countries - Statistics

General Stats
  • This quiz has been taken 786 times
    108 since last reset
  • The average score is 16 of 20
Answer Stats
Rank Country % Correct
3rd Germany
93%
1st Sweden
93%
2nd Denmark
90%
11th Norway
90%
15th Switzerland
90%
13th Spain
89%
5th Finland
86%
14th United Kingdom
86%
9th France
85%
18th Australia
84%
7th Belgium
84%
4th Netherlands
84%
6th Canada
83%
19th New Zealand
82%
20th Iceland
80%
10th Austria
78%
8th Ireland
76%
12th Luxembourg
72%
17th Slovenia
47%
16th Cyprus
29%
No matching quizzes found
Score Distribution
Percent of People with Each Score
Percentile by Number Answered
Your Score History
You have not taken this quiz since the last reset